Hướng dẫn kế toán doanh nghiệp xây lắp theo chuẩn mực kế toán Việt Nam /
Hướng dẫn sử dụng hệ thống tài khoản kế toán doanh nghiệp xây lắp; Chế độ báo cáo tài chính doanh nghiệp xây lắp; Chứng từ kế toán áp dụng cho doanh nghiệp xây lắp; Sổ kế toán áp dụng cho doanh nghiệp xây lắp; Các văn bản pháp lý về kế toán....
Đã lưu trong:
| 主要作者: | |
|---|---|
| 格式: | 图书 |
| 语言: | Vietnamese |
| 出版: |
Hà Nội :
Tài chính,
2004.
|
| 主题: | |
| 标签: |
添加标签
没有标签, 成为第一个标记此记录!
|
| Thư viện lưu trữ: | Mạng thư viện Đại học Đà Nẵng |
|---|
| LEADER | 01479cam a2200361 a 4500 | ||
|---|---|---|---|
| 001 | 000044137 | ||
| 003 | 2385 | ||
| 005 | 20060323103312.0 | ||
| 008 | 010217b2004 vm 000 vie | ||
| 020 | |c 190000 | ||
| 040 | |a LRC |c LRC |d LRC | ||
| 041 | 0 | |a vie | |
| 082 | 1 | 4 | |a 657.869 |b NG-B |
| 100 | 1 | |a Nguyễn Văn Bảo, |c TS. | |
| 245 | 1 | 0 | |a Hướng dẫn kế toán doanh nghiệp xây lắp theo chuẩn mực kế toán Việt Nam / |c Nguyễn Văn Bảo. |
| 260 | |a Hà Nội : |b Tài chính, |c 2004. | ||
| 300 | |a 851 tr. : |b mh. ; |c 27 cm. | ||
| 520 | 3 | |a Hướng dẫn sử dụng hệ thống tài khoản kế toán doanh nghiệp xây lắp; Chế độ báo cáo tài chính doanh nghiệp xây lắp; Chứng từ kế toán áp dụng cho doanh nghiệp xây lắp; Sổ kế toán áp dụng cho doanh nghiệp xây lắp; Các văn bản pháp lý về kế toán. | |
| 630 | 0 | 4 | |a Kế toán. |
| 630 | 0 | 4 | |a Xây dựng. |
| 650 | 0 | 4 | |a Xây dựng |x Kế toán. |
| OWN | |a DUT | ||
| AVA | |a UDN50 |b DUT |c Book |d 657.869 NG-B |e available |t Error 5001 Not defined in file expand_doc_bib_avail. |f 5 |g 0 |h N |i 0 |j SH |k 1 | ||
| 999 | |a From the UDN01 | ||
| AVA | |a UDN50 |b DUT |c Book |d 657.869 NG-B |e available |t Error 5001 Not defined in file expand_doc_bib_avail. |f 5 |g 0 |h N |i 0 |j SH |k 1 | ||
| TYP | |a Monograph | ||
| TYP | |a Printed language | ||
| 980 | |a Mạng thư viện Đại học Đà Nẵng | ||